000 00812nam a2200265Ia 4500
003 OSt
005 20220928120803.0
006 a|||||r|||| 00| 0
007 ta
008 220927b |||||||| |||| 00| 0 eng d
020 _cUKP 158.00
024 _a133154
037 _b281, 15/03/2017, Classic Book Service
_cTextual
040 _aSDCL
_cSDCL
_beng
041 _2eng
_aeng
082 _aR4, Q5
100 _aMoellendorf Darrel Ed.
_9451122
245 0 _aRoutledge handbook of global ethics
260 _aLondon
_bRoutledge
_c2015
300 _axii,501p.
_ccm.
650 _aPolitical Science
700 _a Widdows Heather Ed.
_9451123
942 _hR4, Q5
_cTEXL
_2CC
999 _c765235
_d765235